Les gares du RER C dans l'ordre alphabétique - Statistiques

Statistiques générales
  • Ce quiz a été pris 10 fois
  • Le résultat moyen est 49 sur 75
Statistiques - réponses
# Gare Correspondances % Correct
7 Bibliothèque François Mitterrand Métro 14 + Tramway T3b (par la voie publique)
100%
24 Ermont - Eaubonne Transilien H et J
100%
34 Juvisy RER D + Ouigo Train Classique
100%
41 Massy - Palaiseau RER B + Transilien V + Tramway T12 + Grandes lignes
100%
54 Pontoise Transilien H et J
100%
56 Porte de Clichy Métro 13 et 14 + Tramway T3b
100%
59 Saint-Cyr Transilien N et U + Tramway T13
100%
64 Saint-Ouen Métro 14
100%
5 Avenue Foch Métro 2 (par la voie publique) + Tramway T3b
89%
6 Avenue Henri Martin Métro 9 (par la voie publique)
89%
42 Massy - Verrières RER B
89%
46 Neuilly - Porte Maillot RER E + Métro 1 + Tramway T3b
89%
49 Pereire - Levallois Métro 3
89%
51 Pont de l'Alma Métro 9 (par la voie publique)
89%
62 Saint-Michel - Notre Dame RER B + Métro 4 et 10
89%
65 Saint-Ouen-l'Aumône Transilien H
89%
67 Saint-Quentin-en-Yvelines Transilien N et U + TER
89%
71 Versailles - Chantiers Transilien N, U et V + Grandes lignes
89%
74 Viroflay - Rive Gauche Transilien N + Tramway T6
89%
1 Ablon
78%
8 Boulainvilliers Métro 9
78%
15 Champ de Mars - Tour Eiffel Métro 6
78%
18 Choisy-le-Roi Tramway T9 (par la voie publique) + Bus TVM et 393
78%
19 Dourdan TER
78%
20 Dourdan - La-Forêt
78%
22 Épinay-sur-Orge Tramway T12
78%
23 Épinay-sur-Seine Tramway T8 et T11
78%
25 Étampes TER
78%
29 Invalides Métro 8 et 13
78%
32 Ivry-sur-Seine Métro 7 (par la voie publique)
78%
33 Javel Métro 10 (par la voie publique)
78%
44 Montigny - Beauchamp Transilien H
78%
45 Musée d'Orsay Métro 12 (par la voie publique)
78%
48 Paris Austerlitz Métro 5 et 10 + Grandes lignes
78%
50 Pierrelaye Transilien H
78%
52 Pont de Rungis - Aéroport d'Orly Métro 14 + Ouigo Train Classique
78%
66 Saint-Ouen-l'Aumône - Liesse Transilien H
78%
3 Athis-Mons
67%
4 Avenue du Président Kennedy
67%
30 Issy
67%
31 Issy - Val de Seine Tramway T2
67%
37 Les Ardoines
67%
39 Les Saules Tramway T9
67%
53 Pont du Garigliano Tramway T3a
67%
72 Versailles - Château - Rive Gauche
67%
13 Cernay
56%
27 Franconville - Le-Plessis-Bouchard Transilien H
56%
28 Gennevilliers Tramway T1
56%
60 Saint-Gratien
56%
61 Saint-Martin d'Étampes
56%
63 Saint-Michel-sur-Orge
56%
2 Arpajon
44%
9 Bouray
44%
12 Breuillet - Village
44%
14 Chamarande
44%
21 Égly
44%
26 Étréchy
44%
43 Meudon - Val Fleury
44%
47 Orly - Ville
44%
55 Porchefontaine
44%
57 Rungis - La Fraternelle Tramway T7
44%
58 Saint-Chéron
44%
11 Breuillet - Bruyères-le-Châtel
33%
16 Chaville - Vélizy
33%
36 Lardy
33%
69 Savigny-sur-Orge
33%
70 Sermaise
33%
73 Villeneuve-le-Roi
33%
75 Vitry-sur-Seine
33%
10 Brétigny
22%
17 Chemin d'Antony
22%
35 La Norville - Saint-Germain-lès-Arpajon
22%
38 Les Grésillons
22%
40 Marolles-en-Hurepoix
22%
68 Sainte-Geneviève-des-Bois
22%
Aucun quiz correspondant
Distribution des résultats
% des personnes avec chaque résultat
Percentile par nombre de réponses
Votre historique - résultats
Vous n’avez pas pris ce quiz